| 000 | 00375nam a22001577a 4500 | ||
|---|---|---|---|
| 020 | _a978-93-84502-46-1 | ||
| 041 | _aENG | ||
| 100 | _aKmar . B | ||
| 245 | _aObjective Horticulture | ||
| 250 | _aFirst | ||
| 260 |
_aNew Delhi _bAgre-Blovet press _c2017 |
||
| 300 | _a423 | ||
| 650 | _aCompetitive Exam | ||
| 700 | _aKumar .A.D ,Kumar .V , | ||
| 856 | _uCompetitive Exam | ||
| 999 |
_c170 _d170 |
||